| 000 | 00000nam##2200000za#4500 |
| 001 | 9.575623 |
| 003 | CaOODSP |
| 005 | 20210624184743 |
| 007 | cr ||||||||||| |
| 008 | 150406|2008||||xxc|||||o f|0| 0 eng|d |
| 040 | |aCaOODSP|beng |
| 043 | |an-cn--- |
| 086 | 1 |aTU3-5/08-30E-PDF |
| 110 | 2 |aTransportation Safety Board of Canada. |
| 245 | 10|aLoss of visual references – Collision with water, Eurocopter EC 120B (Helicopter) C-GHNI Lac à l'Épaule, Quebec, 19 June 2008 |h[electronic resource] |
| 260 | |aGatineau - Quebec : |bTransportation Safety Board of Canada |c[2008]. |
| 300 | |a14p.|bcoloured illus., figs. |
| 490 | 1 |aAviation investigation report |vA08Q0110 |
| 590 | |a13-02-Supp|b2013-01-11 |
| 775 | 08|tPerte de références visuelles et collision avec la surface de l'eau de l'hélicoptère Eurocopter EC 120B C-GHNI au lac à l'Épaule (Québec), le 19 juin 2008 |w(CaOODSP)9.605118 |
| 830 | #0|aAviation investigation report ;|vA08Q0110|w(CaOODSP)9.504825 |
| 856 | 40|ahttp://publications.gc.ca|qPDF|s555 KB|uhttps://publications.gc.ca/collections/collection_2012/bst-tsb/TU3-5-08-30-eng.pdf|yA08Q0110 |